Κατάλογος Βιβλιοθηκών Mediterranean College

Reading Skills for the Social Sciences (Record no. 4212)

MARC details
000 -LEADER
fixed length control field 01313cam a22002174a 4500
005 - ΗΜΕΡΟΜΗΝΙΑ ΚΑΙ ΩΡΑ ΤΕΛΕΥΤΑΙΑΣ ΕΝΗΜΕΡΩΣΗΣ
Πεδίο ελέγχου 20250605164139.0
008 - FIXED-LENGTH DATA ELEMENTS--GENERAL INFORMATION
Πεδίο ελέγχου σταθερού μήκους 250528s ||||||||||||||||||||||||d
035 ## - SYSTEM CONTROL NUMBER
System control number 18911
020 ## - ISBN
ISBN 194512304
040 ## - ΠΗΓΗ ΚΑΤΑΛΟΓΟΓΡΑΦΗΣΗΣ
Φορέας πρωτότυπης καταλογογράφησης MC Athens Campus Library
Γλώσσα καταλογογράφησης Ελληνικά, Μοντέρνα (1453-)
Modifying agency MC Athens Campus Library
Κανόνες περιγραφικής καταλογογράφησης AACR2
245 1# - ΤΙΤΛΟΣ ΚΑΙ ΔΗΛΩΣΗ ΥΠΕΥΘΥΝΟΤΗΤΑΣ
Τίτλος Reading Skills for the Social Sciences
260 ## - PUBLICATION, DISTRIBUTION, ETC.
Name of publisher, distributor, etc. Oxford University Press,
Date of publication, distribution, etc. 1988
300 ## - PHYSICAL DESCRIPTION
Extent 132
520 ## - SUMMARY, ETC.
Summary, etc. The material in this course book has been specifically designed to meet the needs of intermediate students of English who require reading skills for social science disciplines at university. Introduction, The Skill and Practice of Reading, Book Advertisements, Research Digest (Brief Research Reports), Economics (Extracts from a Textbook), The Russian Revolution (Book Review), The Overselling of Candidates on Television (Extended Report), Asking the Age Question (Academic Research Report), The Other Economy (Extended Report), Mobilizing the Middle Classes (Book Review), Human Aggression (Introduction to a Book), Inside the Black Box (Preface to a Book), Appendices, Lexis Common to Academic Prose, Prefixes and Suffixes, To Worksheets and Pre-Reading Questions.
700 1# - ΠΡΟΣΘΕΤΗ ΑΝΑΓΡΑΦΗ--ΦΥΣΙΚΟ ΠΡΟΣΩΠΟ
Personal name Haarman Louann
9 (RLIN) 5195
700 1# - ΠΡΟΣΘΕΤΗ ΑΝΑΓΡΑΦΗ--ΦΥΣΙΚΟ ΠΡΟΣΩΠΟ
Personal name Leech Patrick
9 (RLIN) 5196
700 1# - ΠΡΟΣΘΕΤΗ ΑΝΑΓΡΑΦΗ--ΦΥΣΙΚΟ ΠΡΟΣΩΠΟ
Personal name Murray Janet
9 (RLIN) 5197
942 ## - ADDED ENTRY ELEMENTS (KOHA)
Koha item type Books
Holdings
Τύπος τεκμηρίου Βιβλιοθήκη Τρέχουσα τοποθεσία Barcode Αριθμός εισαγωγής Ημερομηνία απόκτησης Ταξιθετικό σύμβολο Αριθμός αντιτύπου Κατάσταση απόσυρσης Κατάσταση χαμένου Κατάσταση κατεστραμμένου Μη δανεισμός Σύνολο δανεισμών Ημερομηνία τελευταίας εμφάνισης Η τιμή ισχύει από
Books MC Athens Campus Library MC Athens Campus Library 9780000042118 3833 05/06/2025 428.4/3 HAA 1           05/06/2025 05/06/2025

MC Athens Campus Library
Πατησίων 94 & Κοδριγκτώνος 13, 104 34
Πελλήνης 8 & Πατησίων 107, 112 51
Τ: +30 210 8899600

MC Thessaloniki Campus Library
Ίωνος Δραγούμη 21, 54625 | Ίωνος Δραγούμη 15, 54625
Τ: +30 2310 287779 – Τ: +30 2314 440300